000 00220nam a2200097Ia 4500
005 20251222114354.0
008 251222s1900||||xx |||||||||||||| ||spa||
082 _aDVD0050/B37
245 0 _aGuardianes del día:
942 _cDVD
999 _c1370
_d1370